000 00456nam a2200169Ia 4500
001 57391
008 140507s9999 xx 000 0 und d
020 _a9788122434248
040 _cPK-LaUMT
082 _a 621.18
_bAGL-E
100 _aAglave, G. S.
245 _aExposure to boilers
_bfor practicing engineers and students
_cAglave, G. S.
260 _aNew Delhi,India:
_bNew Age International,
_c2012
300 _a435 p.
546 _aEN
942 _cBK
999 _c54682
_d54682